MARC

LEADER 00000nam0a2200000 4500
001 368025
005 20231102012037.0
035 |a (RuTPU)RU\TPU\retro\25388 
090 |a 368025 
100 |a 20220329d1980 km y0rusy50 ca 
101 0 |a rus 
102 |a RU 
105 |a a z 001zy 
200 1 |a Процессы и аппараты глиноземного производства  |f Н. И. Еремин, А. Н. Наумчик, В. Г. Казаков  |g под ред. Н. И. Еремина 
210 |a Москва  |c Металлургия  |d 1980 
215 |a 360 с.  |c ил. 
320 |a Библиогр.: с. 353-356 
320 |a Предм. указ.: с. 359-360 
606 1 |a Глиноземное производство  |2 stltpush  |3 (RuTPU)RU\TPU\subj\77501  |9 87738 
610 1 |a оборудование 
610 1 |a процессы 
610 1 |a апараты 
610 1 |a глиноземы 
610 1 |a получение 
610 1 |a материальные балансы 
610 1 |a теплообменные аппараты 
610 1 |a автоклавное выщелачивание 
610 1 |a спекание 
610 1 |a схемы 
610 1 |a алюминиевые спеки 
610 1 |a алюминатные растворы 
610 1 |a схемы 
610 1 |a суспензии 
610 1 |a разделение 
610 1 |a разложение 
610 1 |a выпаривание 
610 1 |a выпаривание 
610 1 |a гидроокиси 
610 1 |a кальцинация 
675 |a 669.712  |v 4 
700 1 |a Еремин  |b Н. И.  |g Николай Иванович 
701 1 |a Наумчик  |b А. Н.  |g Альберт Николаевич 
701 1 |a Казаков  |b В. Г.  |g Владимир Григорьевич 
702 1 |a Еремин  |b Н. И.  |4 340 
801 1 |a RU  |b 63413507  |c 20220329 
801 2 |a RU  |b 63413507  |c 20220329  |g RCR 
942 |c BK